Statistics for Escape from Scramble Mountain

Click here to take the quiz!

General Stats

  • This quiz has been taken 726 times
  • The average score is 9 of 28

Answers on the Map

Answers color-coded by a green-red scale on the quiz's map according to % correct below.
 

Answer Stats

Word% Correct
System
83%
Broken
79%
Stem
56%
Mess
54%
About
52%
Rancid
52%
Messy
49%
Stems
48%
Sets
47%
Quiet
39%
Audio
38%
Quintet
38%
Wispy
36%
Glowing
35%
Quite
33%
Abruptly
24%
Impeach
21%
Unit
21%
Unite
21%
Untie
21%
Gigantic
16%
Acting
13%
Mountain
12%
Parachute
12%
Caging
10%
Beautician
9%
Citing
9%
Gating
9%

Score Distribution

Percentile by Number Answered

Percent of People with Each Score

Your Score History

You have not taken this quiz